Cómo aprenden los seres humanos. Mecanismos psicológicos del aprendizaje
Guardat en:
| Autor principal: | |
|---|---|
| Format: | Llibre |
| Idioma: | espanyol |
| Publicat: |
Santiago, Chile:
Ediciones Universidad Católica de Chile,
2019
|
| Edició: | Segunda edición. |
| Matèries: | |
| Etiquetes: |
Afegir etiqueta
Sense etiquetes, Sigues el primer a etiquetar aquest registre!
|
MARC
| LEADER | 00000nam a2200000 a 4500 | ||
|---|---|---|---|
| 001 | UCI6205 | ||
| 003 | CL-VaPUC | ||
| 005 | 20220607115436.0 | ||
| 008 | 080425e20190000CL |||||||||||||||||spa|d | ||
| 999 | |c 435678 |d 435676 | ||
| 020 | |a 978-956-14-2369-5 | ||
| 040 | |c Pontificia Universidad Católica de Valparaíso | ||
| 082 | 0 | 4 | |a 370.1523 BER 2019 |2 21 |
| 100 | |a Bermeosolo Bertrán, Jaime Alberto |e author |9 574074 | ||
| 245 | 1 | 0 | |a Cómo aprenden los seres humanos. |b Mecanismos psicológicos del aprendizaje |
| 250 | |a Segunda edición. | ||
| 260 | |a Santiago, Chile: |b Ediciones Universidad Católica de Chile, |c 2019 | ||
| 300 | |a 440 páginas | ||
| 500 | |a c.1 Comodato- SENDA | ||
| 583 | |a last modification |c 20080425 00:00:00 |k Cristina María Rojas Aguilar | ||
| 650 | 0 | |a Psicología del aprendizaje |9 306854 | |
| 650 | 0 | |a Aprendizaje |9 254827 | |
| 650 | 0 | |a Métodos de enseñanza |9 270413 | |
| 650 | 0 | |a Cognición |9 270347 | |
| 942 | |c BK |2 ddc | ||
| 952 | |0 0 |1 0 |2 ddc |4 0 |6 370_152300000000000_BER_2019 |7 0 |8 C_SENDA |9 583196 |a BIBEDU |b BIBEDU |c ES_NOD |d 2022-05-23 |e Comodato-SENDA |i 5651324 |l 2 |o 370.1523 BER 2019 |p 5651324 |r 2024-10-03 |s 2024-09-26 |t 1 |w 2022-05-23 |x 07429005101 |y BK |k BME | ||